| 000 | 01570nam a2200349 4500 | ||
|---|---|---|---|
| 001 | 30737 | ||
| 003 | BD-RjUL | ||
| 005 | 20211209051617.0 | ||
| 008 | 140412s1950 enk 001 0 eng d | ||
| 035 | _a(BD-RjUL)30824 | ||
| 035 | _a(OCoLC)3714499 | ||
| 040 |
_aEnoch Pratt free library _cOT _dOUrC _dOCoLC _dBD-RjUL _beng |
||
| 041 | _aeng | ||
| 082 |
_a183 _bPLS 1950 |
||
| 100 | 0 |
_aPlato. _993429 |
|
| 245 | 1 | 0 |
_aSocratic discourses / _cPlato and Xenophon. |
| 260 |
_aLondon: _bJ.M. Dent & sons, ltd.; _aNew York, _bE.P. Dutton & co. _cc.1910.[1950] |
||
| 300 |
_axxiii, 364 p. _c18 cm. |
||
| 490 | 0 |
_aEveryman's library. Classical ; _v[no. 457] |
|
| 500 | _aAt foot of half-title: Plato and Xenophon. Socratic discourses, with an introduction by A. D. Lindsay, M.A. | ||
| 504 | _aBibliography: p. xxii. | ||
| 505 | 0 | _aXenophon's Memorabilia, tr. by Rev. J. S. Watson.--Apology, or the defence of Socrates, tr. by Sarah Fielding.--Symposium, or banquet, tr. by James Wellwood.--Plato's Lysis, tr. by J. Wright.--Protagoras, tr. by J. Wright.--Euthyphro, tr. by F. M. Stawell.--Apology, tr. by F. M. Stawell.--Crito, tr. by F. M. Stawell. | |
| 700 | 0 |
_aXenophon. _976574 |
|
| 700 | 1 |
_aWatson, J. S. _q(John Selby), _d1804-1884, _etr. _993430 |
|
| 700 | 1 |
_aFielding, Sarah, _d1710-1768, _etr. _993431 |
|
| 700 | 1 |
_aWelwood, James, _d1652-1727, _etr. _993432 |
|
| 700 | 1 |
_aWright, J. _q(Josiah), _d1842-1894, _etr. _993433 |
|
| 700 | 1 |
_aStawell, F. M. _q(Florence Melian), _d1869-1936. _993434 |
|
| 942 |
_2ddc _cBK |
||
| 999 |
_c30737 _d30737 |
||